La Corrupción en el contexto pre-electoral

Αποθηκεύτηκε σε:
Λεπτομέρειες βιβλιογραφικής εγγραφής
Μορφή: Κείμενο
Θέματα:
Ετικέτες: Προσθήκη ετικέτας
Δεν υπάρχουν, Καταχωρήστε ετικέτα πρώτοι!

MARC

LEADER 00000 a a2200000 04500
001 6699
003
040
245 |a La Corrupción en el contexto pre-electoral  
650 |a CORRUPCION  
650 |a POLITICOS  
650 |a ELECCIONES  
650 |a NOTICIAS DE PRENSA  
650 |a ADMINISTRACION DE JUSTICIA  
773 |g volumen 24, número 1070; páginas 4-5  
999 |c 27559  |d 27559